|
|
|
|
| LEADER |
01553nam a22002891i 4500 |
| 001 |
10096872 |
| 003 |
GR-PaULI |
| 005 |
20221215133556.0 |
| 008 |
120330s2010 gr g d gre d |
| 952 |
|
|
|0 0
|1 0
|2 ddc
|4 0
|6 842_914000000000000_COP
|7 0
|9 366697
|a THST
|b THST
|d 2022-12-15
|i 017397
|l 0
|o 842.914 COP
|p 025000288827
|r 2022-12-15 00:00:00
|t 1
|w 2022-12-15
|y BK15
|z Δωρεά Νεκτάριου-Γεώργιου Κωνσταντινίδη
|
| 999 |
|
|
|c 214278
|d 214278
|
| 020 |
|
|
|a 9789603855880
|
| 040 |
|
|
|a GR-PaULI
|b gre
|c GR-PaULI
|e AACR2
|
| 041 |
1 |
|
|a gre
|h fre
|
| 082 |
0 |
4 |
|a 842.914
|2 23
|
| 100 |
0 |
|
|a Copi
|d 1939-1987
|9 104909
|e συγγραφέας
|
| 245 |
1 |
2 |
|a Η νύχτα της κυρίας Lucienne /
|c Copi ; μετάφραση Νεκτάριος-Γεώργιος Κωνσταντινίδης ; επιμέλεια Ανδρέας Στάϊκος ; μια προσέγγιση του έργου Μαρία Κυράκη.
|
| 260 |
|
|
|a Αθήνα :
|b Δωδώνη,
|c 2010.
|
| 300 |
|
|
|a 60 σ. ;
|c 21 εκ.
|
| 490 |
1 |
|
|a Παγκόσμιο Θέατρο / Δωδώνη ;
|v 176
|
| 500 |
|
|
|a Μετάφραση του: La nuit de Madame Lucienne
|
| 650 |
|
4 |
|9 101627
|a Γαλλικό δράμα
|y 20ός αιώνας
|
| 700 |
1 |
4 |
|a Κωνσταντινίδης, Νεκτάριος-Γεώργιος
|9 104910
|e μεταφραστής
|
| 760 |
1 |
|
|a Θεάτρου και κινηματογράφου
|g 1
|
| 852 |
|
|
|a GR-PaULI
|b ΠΑΤΡΑ
|b ΘΕΑΤΡΟΛΟΓΙΑ
|k ΑΣΧΕ-3
|h 842.914 COP
|m 12098
|p 025000197206
|t 1
|3 τ1
|
| 942 |
|
|
|2 ddc
|c BK15
|
| 998 |
|
|
|c ΜΑΝΙΑ
|d 2022-12
|